Služby všeobecného ekonomického záujmu podľa nových pravidiel Európskej únie

Súčasný systém poskytovania služieb všeobecného ekonomického záujmu. Spoločné pravidlá platné vo všetkých členských štátoch Európskej únie.

Gespeichert in:
Bibliographische Detailangaben
1. Verfasser: Wefers, Jarmila
Format: Buchkapitel
Sprache:Slowakisch
Schlagworte:
Tags: Tag hinzufügen
Keine Tags, Fügen Sie das erste Tag hinzu!

MARC

LEADER 00000naa a2200000 4500
001 0160652
005 20231011110559.5
041 0 |a slo 
044 |a SK 
245 1 0 |a Služby všeobecného ekonomického záujmu podľa nových pravidiel Európskej únie  |c Jarmila Wefers 
520 |a Súčasný systém poskytovania služieb všeobecného ekonomického záujmu. Spoločné pravidlá platné vo všetkých členských štátoch Európskej únie. 
610 2 0 |a Európska únia 
610 2 0 |a záujmy ekonomické 
610 2 0 |a súťaž hospodárska 
610 2 0 |a legislatíva 
610 2 0 |a aproximácia práva 
100 1 |a Wefers, Jarmila